ბათუმის შოთა რუსთაველის სახელმწიფო უნივერსიტეტის ბიბლიოთეკა

Гендерная психология : (ბიბ.ჩანაწერი № 58044)

000 -LEADER
fixed length control field 01188nam a2200301 4500
001 - CONTROL NUMBER
control field RU\PGU\BOOKS\3852
005 - DATE AND TIME OF LATEST TRANSACTION
control field 20210519123033.0
008 - FIXED-LENGTH DATA ELEMENTS--GENERAL INFORMATION
fixed length control field 210519s2008 ru ||||| |||| 00| 0 rus d
020 ## - INTERNATIONAL STANDARD BOOK NUMBER
International Standard Book Number 9785947233698
041 0# - LANGUAGE CODE
Language code of text/sound track or separate title rus
080 ## - UNIVERSAL DECIMAL CLASSIFICATION NUMBER
Universal Decimal Classification number 159.922.1(075) Б-46
090 ## - LOCALLY ASSIGNED LC-TYPE CALL NUMBER (OCLC); LOCAL CALL NUMBER (RLIN)
Classification number (OCLC) (R) ; Classification number, CALL (RLIN) (NR) 1895751
091 ## - MICROFILM SHELF LOCATION (AM) [OBSOLETE]
Microfilm shelf location Ю937.4я73-1
091 ## - MICROFILM SHELF LOCATION (AM) [OBSOLETE]
Microfilm shelf location 88.3
091 ## - MICROFILM SHELF LOCATION (AM) [OBSOLETE]
Microfilm shelf location 15
100 1# - MAIN ENTRY--PERSONAL NAME
Personal name Бендас, Татьяна Владимировна
9 (RLIN) 11845
245 00 - TITLE STATEMENT
Title Гендерная психология :
Remainder of title Учебное пособие /
-- [для вузов по направлению и специальностям психологии]
Statement of responsibility, etc. Т. В. Бендас.
264 ## - PRODUCTION, PUBLICATION, DISTRIBUTION, MANUFACTURE, AND COPYRIGHT NOTICE
Place of production, publication, distribution, manufacture Москва :
Name of producer, publisher, distributor, manufacturer Питер,
Date of production, publication, distribution, manufacture, or copyright notice 2008ю
300 ## - PHYSICAL DESCRIPTION
Extent 430 стр.
Other physical details ил.
Dimensions 24 см.
440 ## - SERIES STATEMENT/ADDED ENTRY--TITLE
Title Учебное пособие
9 (RLIN) 11846
504 ## - BIBLIOGRAPHY, ETC. NOTE
Bibliography, etc. note Библиогр.: с. 346-370
653 1# - INDEX TERM--UNCONTROLLED
keyword Возрастная психология
653 1# - INDEX TERM--UNCONTROLLED
keyword Психология личности
653 1# - INDEX TERM--UNCONTROLLED
keyword ასაკობრივი ფსიქოლოგია
653 1# - INDEX TERM--UNCONTROLLED
keyword პიროვნების ფსიქოლოგია
942 ## - ADDED ENTRY ELEMENTS (KOHA)
Source of classification or shelving scheme
Koha item type წიგნი
ეგზემპლარები
Withdrawn status Lost status Source of classification or shelving scheme Damaged status Not for loan Permanent Location Current Location Shelving location Date acquired Cost, normal purchase price Full call number Barcode Date last seen Copy number Price effective from Koha item type Public note
          ბათუმის შოთა რუსთაველის სახელმწიფო უნივერსიტეტის მთავარი ბიბლიოთეკა ბათუმის შოთა რუსთაველის სახელმწიფო უნივერსიტეტის მთავარი ბიბლიოთეკა წიგნსაცავი 2021-05-19 10.00 159.922.1(075) Б-46 61343 2021-05-19 61343 2021-05-19 წიგნი 10 ლ.